000 01180nam a2200241Ia 4500
003 Ost
005 20260507075300.0
008 260507s9999||||xx |||||||||||||| ||und||
020 _a57531199579
040 _cfsecg
041 _aara
082 _a330
100 _aدرة، عبد الباري ابراهيم
_eمؤلف
245 0 _aإدارة الاجتماعات :
_bالجوانب الاجرائية /
_c عبد الباري ابراهيم درة
260 _aعمان:
_bدار وائل,
_c2009
300 _a170 صفحة؛
_c24 سم
490 _aالمدير العربي الفعال
_v1
504 _aملاحق ص.101
520 _aالديمقراطية و الاجراءات البرلمانية و مقدمة خنري م. روبرت و قواعده التنظيمية للاجتماعات ، تحديد مفهوم الاجتماعات و أنواعها ، عملية معالجة الاقتراحات في الاجتماعات ، قضايا مختارة في ادارة الاجتماعات مع وجود بعض التطبيقات في ادارة الاجتماعات .
653 _aالاجتماعات
653 _aالادارة
942 _cكتاب
999 _c43787
_d43787